| 000 | 01759nam a22002657a 4500 | ||
|---|---|---|---|
| 008 | 251002b |||||||| |||| 00| 0 eng d | ||
| 020 | _a9781632996558 | ||
| 040 | _ctbs | ||
| 041 | _aeng | ||
| 050 |
_aHF5415.1255 _b.S5233 2014 |
||
| 100 |
_aSignorelli, Jim _925924 _eauthor |
||
| 245 |
_aStory branding 2.0 _b: creating standout brands through the purpose of story _c/ Jim Signorelli |
||
| 246 | _aStoryBranding 2.0 | ||
| 246 | _aStoryBranding two | ||
| 246 | _aStory Branding two | ||
| 250 | _aSecond edition. | ||
| 260 |
_aAustin, TX : _bRiver Grove Books, _c2014. |
||
| 300 |
_axxiv, 269 pages : _billustrations ; _c24 cm. |
||
| 500 | _aFirst ed. published with title StoryBranding | ||
| 504 | _aIncludes bibliographical references (pages 255-257) and index | ||
| 520 | _aBrand storytelling is all the rage in marketing. But few books explain how to go about cultivating and promoting that story. This is the book that does.StoryBranding 2.0 is an updated edition of the award-winning, best-selling book that has sparked enthusiasm among marketing luminaries, CEOs, entrepreneurs, and personal branding advocates.Developing your brand’s story must start with an understanding of what a story really is and how it is structured. Then, using this essential structure as scaffolding, you can begin to answer specific questions that will help you develop your brand’s most authentic story—the story that will do the most to capture the hearts and minds of prospects. As your brand sets out to overcome obstacles in order to achieve its goals, you will:• Be guided every step of the way towards defining who your brand is and why it exists. | ||
| 650 | 0 |
_aBranding (Marketing) _96284 |
|
| 650 | 0 |
_aMarketing _xPlanning _99390 |
|
| 942 | _2lcc | ||
| 999 |
_c4994 _d4994 |
||